Ochrana obchodného tajomstva

Čo je obchodné tajomstvo, kto mu podlieha. Pracovnoprávny vzťah a obchodné tajomstvo. Predmet mlčanlivosti zamestnanca.

Gespeichert in:
Bibliographische Detailangaben
1. Verfasser: Jaško, Jozef
Format: Buchkapitel
Sprache:Slowakisch
Schlagworte:
Tags: Tag hinzufügen
Keine Tags, Fügen Sie das erste Tag hinzu!

MARC

LEADER 00000naa$a2200000$$$4500
001 0102602
005 20231120111820.8
041 0 |a slo 
044 |a SK 
245 1 0 |a Ochrana obchodného tajomstva  |c Jozef Jaško 
520 |a Čo je obchodné tajomstvo, kto mu podlieha. Pracovnoprávny vzťah a obchodné tajomstvo. Predmet mlčanlivosti zamestnanca. 
610 2 0 |a tajomstvo obchodné 
610 2 0 |a ochrana informácií 
610 2 0 |a zamestnanci 
100 1 |a Jaško, Jozef